Missing Word: 1980s Movies III Quiz Stats

 Plays Quiz Updated May 14, 2014

Support Sporcle.
Go Orange.
Score 0/30 Timer 04:00
2 Plays Today
Movie Missing Word % Correct
The ____ MermaidLittle
97.4%
Ferris Bueller's ____ OffDay
96.6%
The Empire ____ BackStrikes
96.5%
Pretty in ____Pink
95.2%
The Karate ____Kid
95%
The ____ AmigosThree
94.4%
The Young ____ HolmesSherlock
92.8%
____ HardDie
88.9%
St. Elmo's ____Fire
88.4%
Fast ____ at Ridgemont HighTimes
86.5%
____ of the TitansClash
85.7%
National Lampoon's ____Vacation
85.1%
Pee Wee's ____ AdventureBig
84.4%
The ____ ClubBreakfast
81.9%
The ____ BridePrincess
80.8%
Movie Missing Word % Correct
An ____ TailAmerican
79%
Earth ____ Are EasyGirls
77%
Big ____ in Little ChinaTrouble
73.4%
____ DawnRed
68.4%
The ____ Take ManhattanMuppets
66.8%
Mad Max: Beyond ____Thunderdome
65.2%
____ BrothersBlues
61.2%
Say ____Anything
58%
The Lost ____Boys
55.6%
____ OverdriveMaximum
53.9%
Something ____ This Way ComesWicked
53.6%
Short ____Circuit
43.9%
U2: Rattle and ____ Hum
41.9%
____ NightFright
28.4%
The Dark ____Crystal
22.3%

Today's Daily Dose

You're not logged in!

Compare scores with friends on all Sporcle quizzes.
OR
Log In

From the Vault

1990s Songs by 5 Words

by BorezU

You probably know what any given song is by the first couple words anyway.
Remove Ads.
Support Sporcle.
Get the best of Sporcle when you Go Orange. This ad-free experience offers more features, more stats, and more fun while also helping to support Sporcle. Thank you for becoming a member.

Show Comments

Extras

Top Quizzes Today


Score Distribution

Your Account Isn't Verified!

In order to create a playlist on Sporcle, you need to verify the email address you used during registration. Go to your Sporcle Settings to finish the process.

Report this User

Report this user for behavior that violates our Community Guidelines.

Details: